000 01016nas a2200325 4500
001 BR2013007438
003 BR-BrBNA
005 20231205122941.0
007 ta
008 230509b bl.|||p| |||| 00| 00por d
040 _aBR-BrBNA
_bpor
_cBiblioteca Nacional de Agricultura
041 _a(Pt)
072 _aP33
100 1 _aBuschle, B.N.
100 1 _aPalmeiro, J.K.
100 1 _aSade, Y.B.
100 1 _aMelo, V. de F.
100 1 _aAndrade, M.G. de
100 1 _aBatista, A.H.
245 1 _aCinética de liberação de chumbo de solos de área de mineração e metalurgia de metais pesados
650 _aMINERALOGIA
650 _aMETAL PESADO
650 _aANÁLISE DO SOLO
650 _aQUÍMICA
650 _aCONTAMINAÇÃO
773 0 _tRevista Brasileira de Ciência do Solo (Brazil)
_xISSN 0100-0683
_g(Nov-Dec 2010), v. 34(6) p. 1865-1874
_wBR2013007438
856 4 0 _uhttp://www.scielo.br/pdf/rbcs/v34n6/10.pdf
909 _a202311
_bLúcia
_c55
_dLúcia Elande
942 _2AGRIS
_n0
_cANA
999 _c231423
_d231423